| 000 | 00526nam a22001695i 4500 | ||
|---|---|---|---|
| 001 | 155704 | ||
| 003 | ES-MaACL | ||
| 005 | 20250717063037.0 | ||
| 008 | 040726s1883 fr |||| | fre d | ||
| 040 |
_aCAM _bspa _cCAM |
||
| 100 | 1 |
_aHugo, Victor, _d1802-1885 _964627 |
|
| 245 | 1 | 3 |
_aLa légende des siècles / _cVictor Hugo. |
| 260 |
_aParis : _bCalmann Lévy éditeur, _c1883 ( _eTyp. A. Quantin) |
||
| 300 |
_a5 v. ; _c23 cm. |
||
| 852 |
_aES-MaACL _jF-9201 _z-- Enc. hol. _q-- Sólo t.V (328 p.) |
||
| 999 |
_c155704 _d155704 |
||